000 00425nam a2200169Ia 4500
003 GCL
008 140319s9999 xx 000 0 ara d
040 _aGCL /
_cGCL
082 0 4 _a813.03
_bح ر
100 1 _aحنا مينة
245 1 0 _aالرحيل عند الغروب /
_cحنا مينة
300 _a299 ص
490 _aكتاب
_v0
650 0 4 _aالادب العربى
650 0 4 _aالقصص
942 _2ddc
_cBK
999 _c41333
_d41333